000 00580nam a2200205Ia 4500
003 GCL
008 140319s9999 xx 000 0 ara d
040 _aGCL /
_cGCL
082 0 4 _a811.009
_bش ف
100 1 _aشوقى ضيف
245 1 0 _aفصول فى الشعر ونقده /
_cشوقى ضيف
250 _aالثالثة
260 _aالقاهرة :
_bدار المعارف ،
_c1988
300 _a368 ص ؛
_c25 سم
490 _a
650 0 4 _aالشعر العربى
650 0 4 _aدواوين وقصائد
650 0 4 _aتاريخ ونقد
942 _2ddc
_cBK
999 _c27577
_d27577